000 00918nac a22002897a 4500
001 BR9901526
003 BR-BrBNA
005 20240105122205.0
008 230509b bl.|||m| |||| 00| 0 por d
040 _aBR-BrBNA
_bpor
_cBiblioteca Nacional de Agricultura
072 _aP01
090 _aP01 BR9901526
100 1 _aLemos, H.M. de
110 1 _aInstituto Brasileiro do Meio Ambiente e dos Recursos Naturais Renovaveis, Brasilia, DF (Brasil)
245 1 _aDesenvolvimento sustentavel
260 3 _aBrasilia, DF (Brasil):
_c1996.
300 _a36 p.
490 _aSerie Meio Ambiente em Debate (Brazil)
_vno. 3
_xISSN 1413-2583
650 _aMeio Ambiente
650 _aAgricultura Sustentavel
650 _aBiodegradacao
650 _aEcossistema
650 _aImpacto Ambiental
650 _aDesenvolvimento Sustentavel
909 _a202312
_bLúcia Elande
_c55
_dLúcia Elande
942 _2AGRIS
_n0
_cMS
999 _c289705
_d289705